000
00301nam a22001337a 4500
008
170930b xxu||||| |||| 00| 0 eng d
020
_a
9780534394226
041
_a
eng
080
_a
37
100
_a
47
101
_a
EDU
245
_a
STUDENT SOLUTIONS MANUAL FOR TAN'S
_c
TAN, S.T
942
_2
udc
_c
BK
999
_c
30978
_d
30978